000 00406nam a22001337a 4500
020 _qPB.
040 _cFIZZA ISHAQ
082 _a551.49
_bSCH
100 _aSchwartz , Franklin W.
_9133492
245 _aFundamentals Ground Water /
_cFranklin W. Schwartz.
260 _aNew York:
_b‎ John Wiley & Sons,
_c2003.
300 _a vii, 583 p. : ill., maps ; 26 cm
_c ‎ 8 x 1.34 x 10 inches
942 _2ddc
_cBK
999 _c616456
_d616456